LEADER 00925nam0-22003131i-450 001 990001603530403321 005 20190529131302.0 035 $a000160353 035 $aFED01000160353 035 $a(Aleph)000160353FED01 035 $a000160353 100 $a20030910d1980----km-y0itay50------ba 101 0 $aita 200 1 $aContributo alla storia dell'agricoltura friulana$e(l'associazione agraria dagli inizi al regime commissariale)$fGiovanni Panjek 210 $aTrieste$cDel Bianco Ed.$d1980 215 $a71 p.$d24 cm 610 0 $aFriuli 610 0 $aStoria economica 610 0 $aAgricoltura$aStoria 676 $a330.9 676 $a630.9 700 1$aPanjek,$bGiovanni$068089 801 0$aIT$bUNINA$gRICA$2UNIMARC 901 $aLG 912 $a990001603530403321 952 $a60 OP. 115/39$fFAGBC 959 $aFAGBC 996 $aContributo alla storia dell'agricoltura friulana$9368604 997 $aUNINA LEADER 01184nam0 22002531i 450 001 UON00198381 005 20231205103242.318 010 $a88-387-9476-6 100 $a20030730d1989 |0itac50 ba 101 $aita 102 $aIT 105 $a|||| ||||| 200 1 $aˆLe ‰ società a partecipazione pubblica$eComuni, Provincie e Regioni. Legislazione statale e regionale Giurisprudenza - Documentazione$fMarco Cammelli$gcon la collaborazione di Alberto Ziroldi Rimini$eMaggioli Editore, 1989 301 p. ; 21 cm. 410 1$1001UON00171747$12001 $aStrumenti di diritto pubblico $1210 $aRimini$cMaggioli editore$v1 606 $aItalia$xEnti locali$xLegislazione$3UONC034210$2FI 620 $aIT$dRimini$3UONL001074 700 1$aCammelli$bMarco$3UONV100212$024915 712 $aMaggioli Editore$3UONV265605$4650 801 $aIT$bSOL$c20251114$gRICA 899 $aSIBA - SISTEMA BIBLIOTECARIO DI ATENEO$2UONSI 912 $aUON00198381 950 $aSIBA - SISTEMA BIBLIOTECARIO DI ATENEO$dSI PUB D 0318 $eSI SC 30136 5 0318 $sBuono 996 $aSocietà a partecipazione pubblica$9623858 997 $aUNIOR